| 000 | 00881nam a22001937a 4500 | ||
|---|---|---|---|
| 999 |
_c59080 _d59080 |
||
| 003 | Ge_BSU | ||
| 005 | 20221117163019.0 | ||
| 008 | 221117s1997 ge ||||| |||| 00| 0 geo d | ||
| 020 | _a5511005525 | ||
| 041 | _ageo | ||
| 080 | _a340.1 ი-69 | ||
| 100 |
_aინწკირველი, გივი _91291 |
||
| 245 |
_aსახელმწიფოსა და სამართლის თეორია : _b(ძირითადი ცნებები და დებულებები) / _cგივი ინწკირველი; [რედ.: ს. ჯორბენაძე]. |
||
| 264 |
_aთბილისი: _bსახ. უნ-ტის გამ-ბა, _c1997. |
||
| 300 |
_a196გვ.; _b20 სმ. |
||
| 653 | _aსახელმწიფოს თეორია | ||
| 653 | _aსამართლის თეორია | ||
| 942 |
_2udc _cBK |
||